| 000 | 01222 a2200325 4500 | ||
|---|---|---|---|
| 001 | 200422531 | ||
| 999 |
_c200422531 _d39541 |
||
| 003 | TR-AnTOB | ||
| 005 | 20250109152233.0 | ||
| 008 | 150724s2015 tu 000 0 d | ||
| 020 | _a9789750232954 | ||
| 040 |
_aTR-AnTOB _beng _erda |
||
| 041 | _atur | ||
| 050 | 4 |
_aKKX920 _b.K392 2015 |
|
| 090 | _aKKX920 .K392 2015 | ||
| 100 | 1 |
_aKayıhan, Şaban _9108039 |
|
| 245 | 1 | 0 |
_aTicari işletme hukuku / _cŞaban Kayıhan, Mustafa Yasan. |
| 250 | _aRevised and updated 3th edition. | ||
| 264 | 1 |
_aİstanbul : _bSeçkin , _c2015. |
|
| 300 |
_a248 pages ; _c20 cm. |
||
| 336 |
_atext _btxt _2rdacontent |
||
| 337 |
_aunmediated _bn _2rdamedia |
||
| 338 |
_avolume _bnc _2rdacarrier |
||
| 500 | _aIncludes index. | ||
| 505 | 0 | _aTicari işletme kavramı -- Ticari iş ve tacir kavramları -- İşletmenin devri ve rehni -- Ticari yargı -- Tacir olmanın hukuki sonuçları -- Ticaret sicili -- Ticaret unvanı ve diğer ticari isimler -- Ticari defterler -- Haksız rekabet -- Cari hesap sözleşmesi -- Tacir yardımcıları | |
| 650 | 7 |
_aTicaret hukuku _zTürkiye _2etuturkob _934380 |
|
| 650 | 0 |
_aCommercial law _zTurkey _934379 |
|
| 700 | 1 |
_aYasan, Mustafa _9108040 |
|
| 942 | _cBK | ||